Quiz Culture Générale #1 - Statistiques

Statistiques générales
  • Ce quiz a été pris 44 fois
  • Le résultat moyen est 4 sur 15
Statistiques - réponses
Hint Réponse % Correct
Quel mot peut à la fois être un regroupement localisé de végétation dans un désert, signe que de l'eau est présente et relativement accessible mais aussi un groupe de musique? Oasis
77%
En quelle année est sorti le film Iron Man 3? 2013
69%
Combien de Coupe de la Ligue le PSG possède-t-il? 9
69%
En quelle année Minecraft a été crée ? 2009
62%
Comment s’appelle le lac le plus profond du monde ? Baïkal
33%
Dans quel club Ousmane Dembele a joué de 2016 à 2017? Borussia Dortmund
31%
Quelle chanteuse a chanté au SuperBowl 2025 aux côtés de Kendrick Lamar? SZA
28%
Quelle équipe de esport a gagné les Worlds de League of Legends en 2022? DRX
13%
Quel nom de personnage peut à la fois définir un personnage jouable dans League of Legends mais aussi un petit personnage dans un film Disney? Olaf
13%
Comment s’appelle la légende au profil Vengeresse ailée du jeu Apex Legends? Valkyrie
13%
Par quelle entreprise vidéoludique la Jaguar a-t-elle été produite? Atari
10%
Comment s’appelle la première voiture hybride du constructeur Koenigsegg? Regera
3%
Quelle voiture est présente sur la jaquette du jeu Forza Horizon et dans le tutoriel d'introduction? Viper GTS
3%
Comment s’appelle le personnage principal de Sicario joué par Benicio Del Toro? Alejandro Gillick
0%
Quelle voiture de sport de marque Renault n’a été produite que de 2010 à 2013 Renault Wind
0%
Aucun quiz correspondant
Distribution des résultats
% des personnes avec chaque résultat
Percentile par nombre de réponses
Votre historique - résultats
Vous n’avez pas pris ce quiz